Statistics for Fifa 21 Top 100 U-23 Players

Click here to take the quiz!

General Stats

  • This quiz has been taken 125 times
  • The average score is 44 of 100

Answer Stats

RatingClubNationPlayer% Correct
90PSGFranceKylian Mbappe
100%
87LiverpoolEnglandTrent Alexander-Arnold
97%
84Borussia DortmundNorwayErling Haaland
95%
85FC BarcelonaNetherlandsFrenkie De Jong
95%
87Borussia DortmundEnglandJadon Sancho
94%
85Manchester UnitedEnglandMarcus Rashford
90%
85ChelseaGermanyKai Havertz
86%
84Inter MilanArgentinaLautaro Martinez
86%
85Piemonte CalcioNetherlandsMatthijs De Ligt
86%
83ArsenalNorwayMartin Odegaard
85%
78AjaxArgentinaLisandro Martinez
83%
83Inter MilanMoroccoAchraf Hakimi
82%
83Real MadridUruguayFederico Valverde
82%
83FC BarcelonaFranceOusmane Dembele
82%
81Bayern MunichCanadaAlphonso Davies
78%
83Manchester CityBrazilGabriel Jesus
78%
81ChelseaUnited StatesChristian Pulisic
77%
85AC MilanItalyGianluigi Donnarumma
73%
83Manchester UnitedNetherlandsDonny Van De Beek
72%
81EvertonBrazilRicharlison
71%
83LiverpoolEnglandJoe Gomez
69%
81Manchester CityPortugalRuben Dias
69%
80Real MadridBrazilVinicius Junior
69%
81Atletico MadridPortugalJoao Felix
67%
84Real SociedadSpainMikel Oyarzabal
65%
79Real MadridBrazilRodrygo
65%
81Leicester CityBelgiumYouri Tielemans
64%
79Manchester CityEnglandPhil Foden
63%
80ChelseaEnglandMason Mount
62%
79RB LeipzigFranceDayot Upamecano
55%
81Manchester CitySpainFerran Torres
55%
83Tottenham HotspurNetherlandsSteven Bergwijn
55%
80RB LeipzigFranceChristopher Nkunku
54%
81Bayer LeverkusenFranceMoussa Diaby
54%
79Real SociedadSwedenAlexander Isak
53%
79West Ham UnitedEnglandDeclan Rice
53%
80Eintracht FrankfurtSerbiaLuka Jovic
51%
80Borussia MonchengladbachFranceMarcus Thuram
51%
83Manchester UnitedEnglandAaron Wan-Bissaka
50%
79RB LeipzigSpainDani Olmo
50%
79Sevilla FCFranceJules Kounde
49%
80Real MadridBrazilEder Militao
47%
79OGC NiceDenmarkKasper Dolberg
46%
79NapoliNigeriaVictor Osimhen
46%
78ArsenalScotlandKieran Tierney
45%
80Piemonte CalcioUruguayRodrigo Bentancur
45%
81Olympique LyonFranceHoussem Aouar
44%
82RB LeipzigAustriaKonrad Laimer
44%
80Bayer LeverkusenJamaicaLeon Bailey
42%
81Atletico MadridBrazilRenan Lodi
42%
78RB LeipzigFranceIbrahima Konate
41%
78WatfordSenegalIsmaila Sarr
41%
80RB LeipzigFranceNordi Mukiele
41%
78Piemonte CalcioItalyFederico Chiesa
40%
79Sheffield UnitedNorwaySander Berge
40%
80AC MilanFranceTheo Hernandez
38%
78ArsenalBrazilGabriel Magalhaes
37%
79Leicester CityEnglandHarvey Barnes
37%
77LOSC LilleCanadaJonathan David
37%
79Borussia DortmundFranceDan-Axel Zagadou
35%
78Bayer LeverkusenBurkina FasoEdmond Tapsoba
35%
78FC BarcelonaPortugalFrancisco Trincao
35%
78Hertha BSCBrazilMatheus Cunha
33%
77LiverpoolTurkeyOzan Kabak
32%
78AjaxBrazilAntony
31%
79Villarreal CFEcuadorPervis Estupinan
31%
78LOSC LillePortugalRenato Sanches
29%
78ChelseaEnglandTammy Abraham
29%
80Athletic BilbaoSpainUnai Simon
28%
78Leicester CityTurkeyCengiz Under
27%
81Getafe CFSpainMarc Cucurella
27%
80CSKA MoscowCroatiaNikola Vlasic
26%
80Dynamo KyivUkraineViktor Tsygankov
26%
78Sevilla FCMoroccoYoussef En-Nesyri
26%
78Olympique LyonBrazilBruno Guimaraes
24%
79LOSC LilleFranceJonathan Ikone
23%
77Bayer LeverkusenArgentinaExequiel Palacios
22%
79Olympique MarseilleFranceBoubacar Kamara
19%
78BurnleyEnglandDwight McNeil
19%
78PSV EindhovenNetherlandsDonyell Malen
18%
78SassuoloItalyManuel Locatelli
18%
77Hertha BSCFranceMatteo Guendouzi
17%
77Villarreal CFNigeriaSamuel Chukwueze
17%
78FC NantesFranceAlban Lafont
15%
78Real BetisBrazilEmerson
13%
77AS MonacoSenegalKrepin Diatta
13%
77Hertha BSCBelgiumDodi Lukebakio
12%
78FC Schalke 04GermanySuat Serdar
12%
77Sporting CPCape VerdeJovane Cabral
10%
78AZ AlkmaarNetherlandsTeun Koopmeiners
10%
77GalatasarayNigeriaHenry Onyekuru
8%
78AZ AlkmaarNetherlandsCalvin Stengs
6%
79Real SociedadSpainIgor Zubeldia
6%
77River PlateUruguayNicolas De La Cruz
6%
79Sporting CPBrazilWendel
6%
77SC BragaBrazilWenderson Galeno
5%
78Angers SCOFrancePaul Bernardoni
4%
77Stade RennesFranceFaitout Maouassa
1%
78Sporting CPPortugalLuis Maximiano
1%
78RCD EspanyolSpainOscar Melendo
1%

Score Distribution

Percentile by Number Answered

Percent of People with Each Score

Your Score History

You have not taken this quiz